| 000 | 00938pam a2200289 a 4500 | ||
|---|---|---|---|
| 001 | 2580956 | ||
| 003 | ost | ||
| 005 | 20140310184524.0 | ||
| 008 | 961126s1997 nyua j 001 0 eng | ||
| 010 | _a 96037971 | ||
| 020 | _a0590926659 | ||
| 040 |
_aDLC _cDLC _dDLC |
||
| 042 | _alcac | ||
| 050 | 0 | 0 |
_aQH 582.5 _b.C63 1997 |
| 100 | 1 |
_aCobb, Vicki. _922918 |
|
| 245 | 1 | 0 |
_aBlood & gore : _cVicki Cobb. _blike you've never seen/ |
| 260 |
_aNew York : _bScholastic Inc., _c1997. |
||
| 300 |
_a32 p. : _bcol. ill. ; _c23 cm. |
||
| 521 | _aG8 | ||
| 526 | _c900 | ||
| 650 | 0 |
_aCytology _xAtlases _xJuvenile literature. _930108 |
|
| 650 | 0 |
_aScanning electron microscopy _xAtlases _xJuvenile literature. _930109 |
|
| 906 |
_a7 _bcbc _corignew _d1 _eocip _f19 _gy-gencatlg |
||
| 942 |
_2lcc _cBK-SCHOLAS |
||
| 999 |
_c35095 _d35095 |
||